Uzupełnij tekst "Zacznij od Bacha" - Statystyki

Ogólne statystyki
  • Ten quiz został rozwiązany 67 razy
  • Średni wynik to 19 z 24
Statystyki odpowiedzi
Hint Odpowiedź % Poprawnych
Gdy musisz ... wstać
100%
Gdy musisz ... wstać
100%
Gdy musisz ... wstać
100%
Gdy musisz ... wstać
100%
Zacznij od Bacha, nim ... po dachach słońce
91%
Zacznij od Bacha, nim ... po dachach słońce
91%
Choć ... tak pod głową obłoczek snu tulisz
86%
Choć ... tak pod głową obłoczek snu tulisz
86%
A tu dzień wstaje już ... - witaj! kolorowo
81%
A tu dzień wstaje już ... - witaj! kolorowo
81%
I zacznij od Bacha, gdy w ... się waha progu
81%
I zacznij od Bacha, gdy w ... się waha progu
81%
Ktoś, kto winien ..., a może nie wejść
74%
Ktoś, kto winien ..., a może nie wejść
74%
..., jak kot po nocy ćmej Zeskoczy
74%
Wokół drzew krząta się ... rzesza - witaj! ptaków
72%
Wokół drzew krząta się ... rzesza - witaj! ptaków
72%
I słów tyle znasz ... cicho przez noc uczonych
72%
I słów tyle znasz ... cicho przez noc uczonych
72%
Poranny swój ... i rusza, cień w długi marsz szal
58%
Poranny swój ... i rusza, cień długi marsz szal
58%
Bo słońce już zawiesza na szczytach ... wież
58%
Bo słońce już zawiesza na szczytach ... wież
58%
..., jak kot po nocy ćmej zaskoczy
37%
Nie znaleziono quizów pasujących do podanych kryteriów
Rozkład punktacji
Procent ludzi z każdym wynikiem
Percentyl według liczby udzielonych odpowiedzi
Twoja historia wyników
Nie rozwiązałeś tego quizu